000 01120cam a2200313 a 4500
999 _c902
_d902
001 14227332
003 OSt
005 20210622071746.0
008 060112s2005 ke b i100 0 eng
010 _a 2006306023
020 _a9211317495
040 _aDLC
_cDLC
_dDLC
042 _alcode
050 0 0 _aHT321
_b.C537 2005
082 0 0 _a330.9173/2
_222
245 0 0 _aCities-engines of economic development.
260 _aNairobi, Kenya :
_bUnited Nations Human Settlements Programme,
_c2005.
300 _a44 p. ;
_c21 cm.
500 _a"Report of a parallel event held at the UNCTAD XI-URBIS 2004, Sao Paulo, Brazil, 15 June 2004"--T.p. verso.
500 _a"HS/762/05E"--T.p. verso.
504 _aIncludes bibliographical references (p. 40-41).
650 0 _aUrban economics
_vCongresses.
650 0 _aUrbanization
_xEconomic aspects
_vCongresses.
650 0 _aEconomic development
_vCongresses.
710 2 _aUnited Nations Human Settlements Programme.
906 _a7
_bcbc
_corigode
_d3
_encip
_f20
_gy-gencatlg
942 _2lcc
_cBK
_nSO